000 00209nam a2200097Ia 4500
008 240331s9999 xx 000 0 und d
082 _bWOM
100 _aDCE. ed
245 0 _aWomen at work in Denmark
942 _cL
999 _c2702
_d2702